Biggest Cities in Namibia - Statistics

General Stats
  • This quiz has been taken 123 times
  • The average score is 4 of 8
Answers on the Map
Answers color-coded by a green-red scale on the quiz's map according to % correct below.
 
Answer Stats
Population City % Correct
325,858 Windhoek
100%
62,096 Walvis Bay
81%
44,725 Swakopmund
60%
63,431 Rundu
45%
28,249 Otjiwarongo
37%
28,362 Katima Mulilo
34%
28,843 Rehoboth
33%
36,541 Oshakati
30%
No matching quizzes found
Score Distribution
Percent of People with Each Score
Percentile by Number Answered
Your Score History
You have not taken this quiz